| 000 | 01526nam0a2200349 4500 | ||
|---|---|---|---|
| 001 | RU\NLR\BIBL_A\012089343 | ||
| 005 | 20191017132256.0 | ||
| 010 |
_a978-5-358-23069-9 _93000 |
||
| 021 |
_aRU _bКН-П-19-057337 _9КН-П-19-4115 |
||
| 035 | _a(NLR Aleph) 012089343 | ||
| 035 | _a(RuMoRGB)010057302 | ||
| 090 |
_a11846290 _c11846290 |
||
| 100 | _a20190909d2019 d y0rusy50 ca | ||
| 101 | 0 | _arus | |
| 102 | _aRU | ||
| 105 | _aac||j|||000zy | ||
| 200 | 1 |
_aРусская словесность _e5 [класс] _eучебное пособие _e[соответствует новому Федеральному государственному образовательному стандарту] _fР. И. Альбеткова |
|
| 205 | _a4-е изд. стер. | ||
| 210 |
_aМосква _cДрофа _d2019 |
||
| 215 |
_a206, [1] с., [16] с. цв. ил., портр. _cил. _d22 |
||
| 225 | 1 |
_aРоссийский учебник _eРУ |
|
| 333 | _a6+ | ||
| 606 | 1 |
_aРусский язык _jУчебные издания для средней школы _2nlr_sh2 _3RU\NLR\AUTH\66969347 |
|
| 606 | 1 |
_aРусская литература _jУчебные издания для средней школы _2nlr_sh2 _3RU\NLR\AUTH\6678541 |
|
| 686 | 1 | _aШ5(2=Р)я721-1 | |
| 686 | 3 | _aШ141.12-922.1[5] | |
| 700 | 1 |
_aАльбеткова _bР. И. _gРоза Ивановна |
|
| 942 | _cBOOK | ||
| 980 | _aNBR | ||
| 980 | _aNB | ||